A que no me van a creer

Shranjeno v:
Bibliografske podrobnosti
Glavni avtor: Naranjo, Carmen, 1928-
Format: Neznan
Izdano: Touluse: Institut d'eludes hispaniques, hispano-americaines et luso - brisiliense,
Teme:
Oznake: Označite
Brez oznak, prvi označite!

MARC

LEADER 000000000a22000000004500
001 000539
022 |a 008-152 
041 0 |a español 
092 0 |a 900 C 
100 1 |a Naranjo, Carmen, 1928- 
245 1 0 |a A que no me van a creer 
260 |a Touluse:   |b Institut d'eludes hispaniques, hispano-americaines et luso - brisiliense, 
300 |a 126-130 páginas 
650 4 |a LITERATURA COSTARRICENSE 
773 0 |t Caravelle: Cahiers du monde hispanique et luso-bresilien 
773 0 |g 56 
773 0 |g 36 
773 0 |g 1991 
999 |c 933  |d 933